中国高速铁路线“八纵八横”快速通道8 Vertical & 8 Horizontal High-Speed Railway - Statistics

General Stats
  • This quiz has been taken 409 times
  • The average score is 6 of 16
Answer Stats
快速通道名称 % Correct
京哈-京港澳通道
98%
京沪通道
88%
沪昆通道
69%
京港通道/京台通道
54%
沿海通道
40%
京昆通道
38%
沿江通道
36%
呼南通道
27%
陆桥通道
27%
京兰通道
26%
包海通道/银海通道
25%
绥满通道
25%
青银通道
25%
广昆通道
25%
厦渝通道
17%
兰广通道/西广通道
14%
No matching quizzes found
Score Distribution
Percent of People with Each Score
Percentile by Number Answered
Your Score History
You have not taken this quiz